| 000 | 00675cam a22002531 4500 | ||
|---|---|---|---|
| 999 |
_c8495 _d8495 |
||
| 001 | 8495 | ||
| 003 | BD-JhCC | ||
| 005 | 20180923104454.0 | ||
| 008 | 810616m19579999nyu 000 0 eng | ||
| 035 | _a(BD-JhCC)8495 | ||
| 035 | _a(OCoLC)7504835 | ||
| 040 |
_aDLC _cOU _dDLC |
||
| 041 | _aeng | ||
| 050 | 0 | 0 |
_aQA39 _b.G252 |
| 082 |
_a510 _bGAG 1953 |
||
| 100 | 1 |
_aGager, William A. _q(William Atkins) |
|
| 245 | 1 | 0 |
_aFunctional mathematics _c[by] William A. Gager [and others] |
| 260 |
_aNew York, _bScribner _c1957- |
||
| 300 |
_a434 p. : _billus. _c24 cm. |
||
| 490 | 0 | _aFunctional mathematics series. | |
| 650 | 0 | _aMathematics. | |
| 942 |
_2ddc _cBK |
||